LEADER 01183nam 22003133 450 001 9910130496803321 005 20160621165006.0 010 $a88-8101-522-6 035 $a(CKB)3400000000020327 035 $a(ItFiC)it 10828907 035 $a(EXLCZ)993400000000020327 100 $a20110314d2008 uy 0 101 0 $aita 200 10$aErmeneutica trascendentale e fondazione ultima di filosofia e scienza$b[electronic resource] $eintroduzione al pensiero di Karl-Otto Apel /$fMichele Borrelli 210 $aCosenza $cL. Pellegrini$d[2008] 215 $a135 p 225 0$aMetodologia delle scienze sociali ;$v16 300 $aK.-O. Apel (1922-) - M. Borrelli, professor at the Universita? della Calabria. 320 $aIncludes bibliographical references. 327 $uhttp://www.ilibri.casalini.it/toc/10828907.pdf$3TOC 517 $aErmeneutica trascendentale e fondazione ultima di filosofia e scienza 676 $a121 700 $aBorrelli$b Michele$0174878 801 0$bItFiC 801 1$bItFiC 906 $aBOOK 912 $a9910130496803321 996 $aErmeneutica trascendentale e fondazione ultima di filosofia e scienza$92427034 997 $aUNINA LEADER 03235nam0 22006493i 450 001 PAL0290255 005 20251003044307.0 010 $a8815056688 010 $a9788815056689 100 $a20170621d1996 ||||0itac50 ba 101 | $aita$cita 102 $ait 181 1$6z01$ai $bxxxe 182 1$6z01$an 183 1$6z01$anc$2RDAcarrier 200 1 $aStoria dell'amministrazione italiana$e1861-1993$fGuido Melis 210 $aBologna$cIl mulino$d1996 215 $a592 p.$d22 cm 225 | $aˆLe ‰vie della civiltà 410 0$1001CFI0025045$12001 $aˆLe ‰vie della civiltà 500 10$aStoria dell'amministrazione italiana.$3MSE0070884$9CFIV033513$952522 606 $aItalia$xAmministrazione pubblica$xStoria$2FIR$3CFIC002828$9I 606 $aAmministrazione pubblica$xItalia$xStoria$2FIR$3SBLC005397$9E 606 $aItalia$xOrdinamento amministrativo$xStoria$2FIR$3SBLC008804$9I 676 $a320.445$9STRUTTURA E FUNZIONI DEL GOVERNO. Italia$v21 676 $a350$9$v12 676 $a350$9AMMINISTRAZIONE PUBBLICA E SCIENZA MILITARE$v20 676 $a350.000945$9Amministrazione pubblica. Italia.$v19 676 $a350.000945$9AMMINISTRAZIONE PUBBLICA E SCIENZA MILITARE. ITALIA$v20 676 $a350.000945$9AMMINISTRAZIONE PUBBLICA. Italia$v21 676 $a351.45$9AMMINISTRAZIONE. ITALIA$v21 676 $a353.0009$9STORIA DELLA AMMINISTRAZIONE CENTRALE E REGIONALE ITALIANA$v20 676 $a353.000945$9AMMINISTRAZIONE PUBLICA - ITALIA$v21 686 $aIT/X422.3$cPUBBLICA AMMINISTRAZIONE ITALIA$2R 696 $aPubblica amministrazione$aOrgani della pubblica amministrazione$aOrgani ordinari 696 $aPubblica amministrazione$aOrgani della pubblica amministrazione$aOrgani ordinari 699 $aAmministrazione pubblica$yPubblica amministrazione 699 $aAmministrazione pubblica$yOrgani della pubblica amministrazione 699 $aAmministrazione pubblica$zOrgani ordinari 699 $aAmministrazione pubblica$yPubblica amministrazione 699 $aAmministrazione pubblica$yOrgani della pubblica amministrazione 699 $aAmministrazione pubblica$zOrgani ordinari 700 1$aMelis$b, Guido$3CFIV033513$4070$0133439 801 3$aIT$bIT-000000$c20170621 850 $aIT-BN0095 $aIT-AV0011 $aIT-NA0079 $aIT-NA0581 $aIT-NA0593 $aIT-AV0045 901 $bNAP AH$cSALASTUDIO$nEx sala studio, ora secondo piano 901 $bNAP MV$cP $nSALA BIBLIOGRAFIA 901 $bNAP BN$cMAGAZZINO $nmagazzini correnti divisi per anni 901 $bNAP LS$cLS $n$ 901 $bNAP BN$cCAU $n$ 901 $bNAP FC$cFONDO $n$ 901 $bNAP 01$cPOZZO LIB.$nVi sono collocati fondi di economia, periodici di ingegneria e scienze, periodici di economia e statistica e altri fondi comprendenti documenti di economia pervenuti in dono. 912 $aPAL0290255 950 0$aBiblioteca Centralizzata di Ateneo$c1 v.$d 01POZZO LIB.ECON MON 5823$e 0101 0000206165E VMA 1 v.$fB $h20210409$i20210409 977 $a 01$a AH$a BN$a FC$a LS$a MV 996 $aStoria dell'amministrazione italiana$952522 997 $aUNISANNIO